LIBRARY & INFORMATION CENTRE, KCAET, TAVANUR

ONLINE PUBLIC ACCESS CATALOGUE (OPAC)

Development and testing of a power operate pre-germinated paddy seed broadcaster (Record no. 15705)

MARC details
000 -LEADER
fixed length control field 00397nam a22001337a 4500
003 - CONTROL NUMBER IDENTIFIER
control field OSt
082 ## - DEWEY DECIMAL CLASSIFICATION NUMBER
Classification number 631.3
Item number SRE/B
088 ## - REPORT NUMBER
Report number T 437
100 ## - MAIN ENTRY--AUTHOR NAME
Personal name Sreedhara B
245 ## - TITLE STATEMENT
Title Development and testing of a power operate pre-germinated paddy seed broadcaster
260 ## - PUBLICATION, DISTRIBUTION, ETC. (IMPRINT)
Place of publication Tavanur
Name of publisher Department of Farm machinery and Power engineering
Year of publication 2019
700 ## - ADDED ENTRY--PERSONAL NAME
Personal name Manoj Mathew (guide)
942 ## - ADDED ENTRY ELEMENTS (KOHA)
Koha item type Theses
Holdings
Collection code Home library Current library Shelving location Full call number Accession Number Koha item type Public note
Reference KAUAET KAUAET Reference 631.3 SRE/D T 437 Theses M.Tech Thesis
free website counter